000 00604nam a2200169 i 4500
001 166362
003 ES-MaACL
005 20230906213321.0
008 021001s1880 xxk |||| | eng d
040 _aCCPB | B
_bspa
_cCCPB | B
100 1 _aTodd, Alpheus.
_9133281
245 1 0 _aParliamentary government in the British colonies /
_cby Alpheus Todd.
260 _aLondon :
_bLittle, Brown, and Company ;
_aCambridge :
_bUniversity Press,
_c1880 (
_fJohn Wilson and Son)
300 _aXII, 607 p. ;
_c23 cm.
651 4 _aGran BretaƱa-
_xColonias.
_9137194
852 _aES-MaACL
_jG-11738
_z- Enc. tela
999 _c166362
_d166362